Online
Catalog

Origen y evolución del concepto de partido / (Record no. 24025)

MARC details
000 -CABECERA
campo de control de longitud fija 01325nam a2200277 a 4500
001 - NÚMERO DE CONTROL
campo de control 000024532
005 - FECHA Y HORA DE LA ÚLTIMA TRANSACCIÓN
campo de control 20240417133449.0
008 - DATOS DE LONGITUD FIJA--INFORMACIÓN GENERAL
campo de control de longitud fija 110131s1993 dr acd 001 0 spa d
040 ## - FUENTE DE LA CATALOGACIÓN
Centro catalogador/agencia de origen DO-SdBNP
Lengua de catalogación spa
Centro/agencia transcriptor BNPD
082 ## - NÚMERO DE LA CLASIFICACIÓN DECIMAL DEWEY
Número de clasificación 324.204
Número de documento/Ítem N322o
100 1# - ENTRADA PRINCIPAL--NOMBRE DE PERSONA
Nombre de persona Navarro Tavares, Luisa
9 (RLIN) 50276
245 10 - MENCIÓN DE TÍTULO
Título Origen y evolución del concepto de partido /
Mención de responsabilidad, etc. Luisa Navarro Tavares.
260 ## - PUBLICACIÓN, DISTRIBUCIÓN, ETC.
Lugar de publicación, distribución, etc. Santo Domingo :
Nombre del editor, distribuidor, etc. UASD,
Fecha de publicación, distribución, etc. 1993.
300 ## - DESCRIPCIÓN FÍSICA
Extensión 120 p. ;
Dimensiones 22 cm.
490 1# - MENCIÓN DE SERIE
Mención de serie Publicaciones de la Universidad Autónoma de Santo Domingo ;
Designación de volumen o secuencia 739
490 1# - MENCIÓN DE SERIE
Mención de serie Derecho y política ;
Designación de volumen o secuencia 15
500 ## - NOTA GENERAL
Nota general Incluye bibliografría y notas al pie de páginas.
504 ## - NOTA DE BIBLIOGRAFÍA, ETC.
Nota de bibliografía, etc. Bibliografía : p. 117-120.
505 0# - NOTA DE CONTENIDO CON FORMATO
Información miscelánea Introducción --
Título Partidos en Francia --
-- Inglaterra: El Partido Popular Moderno --
-- Estados Unidos: los pensadores ingleses y los padres de la nación --
-- Del Partido Nacional al Estado de Partidos en Alemania --
-- Austria: El partido multinacional --
-- El Partido Obrero Socialista: una lucha por el sufragio --
Información miscelánea Bibliografía.
590 ## - NOTA LOCAL (RLIN)
Nota local Inventariado, 2018/BT
650 #0 - PUNTO DE ACCESO ADICIONAL DE MATERIA--TÉRMINO DE MATERIA
Término de materia o nombre geográfico como elemento de entrada Partidos políticos
9 (RLIN) 3367
650 #4 - PUNTO DE ACCESO ADICIONAL DE MATERIA--TÉRMINO DE MATERIA
Término de materia o nombre geográfico como elemento de entrada Cultura política
9 (RLIN) 50277
830 #0 - PUNTO DE ACCESO ADICIONAL DE SERIE-TÍTULO UNIFORME
Título uniforme Publicaciones de la Universidad Autónoma de Santo Domingo ;
Número de parte o sección de la obra 739
9 (RLIN) 50278
830 #0 - PUNTO DE ACCESO ADICIONAL DE SERIE-TÍTULO UNIFORME
Título uniforme Derecho y política ;
Número de parte o sección de la obra 15
9 (RLIN) 50279
910 ## - DATOS DE OPCIÓN DEL USUARIO (OCLC)
Datos de opción del usuario Validado. Control de calidad. EMS
Holdings
Estado de retiro Estado de pérdida Restricciones de uso No para préstamo Código de colección Localización permanente Ubicación/localización actual Ubicación en estantería Fecha de adquisición Número de inventario Total de préstamos Signatura topográfica completa Código de barras Fecha visto por última vez Número de copia Precio válido a partir de Tipo de ítem Koha
        Dominicana de Servicio General General Depósito 31.01.2011 LF1   324.204 N228o 24532-30 25.06.2020 e. 3 25.06.2020 Libro y Folleto Colección Dominicana de Servicio
        Dominicana de Servicio General General Depósito 31.01.2011 LF1   324.204 N228o 24532-40 25.06.2020 e. 4 25.06.2020 Libro y Folleto Colección Dominicana de Servicio
        Dominicana de Servicio General General Depósito 31.01.2011 LF1   324.204 N228o 24532-50 25.06.2020 e. 5 25.06.2020 Libro y Folleto Colección Dominicana de Servicio
      Excluido de préstamo Patrimonio Dominicano Patrimonio Dominicano Patrimonio Dominicano Depósito 31.01.2011 LF1   324.204 N228o 24532-10 25.06.2020   25.06.2020 Libro y Folleto Colección Patrimonio Dominicano
      Excluido de préstamo Patrimonio Dominicano Patrimonio Dominicano Patrimonio Dominicano Depósito 31.01.2011 LF1   324.204 N228o 24532-20 25.06.2020 e. 2 25.06.2020 Libro y Folleto Colección Patrimonio Dominicano

Powered by Koha